[Event "IECG TE.2002.P.01004 email"]
[Site "IECG email"]
[Date "2002.03.28"]
[Round "?"]
[White "Diaz, Victor"]
[Black "Bulgarini Torre, Marco"]
[Result "0-1"]
[WhiteElo "2000"]
[BlackElo "2134"]
[PlyCount "29"]
[EventDate "2002.03.28"]
[EventType "tourn (corr)"]
[EventRounds "12"]
[SourceTitle "Corr 2008"]
[Source "ChessBase"]
[SourceDate "2008.06.24"]
[SourceVersion "1"]
[SourceVersionDate "2008.06.24"]
[SourceQuality "1"]

1. e4 e5 2. Nf3 Nc6 3. Bb5 Bc5 4. c3 f5 5. d4 fxe4 6. dxc5 exf3 7. Qxf3 Nf6 8. Bc4 Qe7 9. b4 e4 10. Qg3 Ne5 11. Be2 Nd3+ 12. Bxd3 exd3+ 13. Qe3 b6 14. 0-0 Qxe3 15. Bxe3 0-1